Vista normal Vista MARC

Entrada Materia (personas)

Número de registros utilizados en: 6

001 - CONTROL NUMBER

  • control field: 28436

003 - CONTROL NUMBER IDENTIFIER

  • control field: Co-BoUCM

005 - DATE AND TIME OF LATEST TRANSACTION

  • control field: 20130213095802.0

008 - FIXED-LENGTH DATA ELEMENTS

  • fixed length control field: 130213|| aca||aabn | a|a d

040 ## - CATALOGING SOURCE

  • Original cataloging agency: Co-BoUCM
  • Transcribing agency: Co-BoUCM

100 ## - HEADING--PERSONAL NAME

  • Personal name: Reiffenstuel, Anacleto
  • Dates associated with a name: 1641 o 2-1703

670 ## - SOURCE DATA FOUND

  • Source citation: Work cat.: (Co-BoUCM)67656: Reiffenstuel, Anacleto 1641 o 2-1703, Jus canonicum universum, 1730